000 00728nam a2200241Ia 4500
003 OSt
005 20220925195516.0
006 a|||||r|||| 00| 0
007 ta
008 220923b |||||||| |||| 00| 0 eng d
020 _a1557385556
037 _cGeneral Book
040 _aRTL
_cRTL
_beng
041 _2eng
_aeng
082 _aX64:(B), N4
100 _aChorafas D N
_920385
245 0 _aChaos theory in the financial markets
_b Applying fractlas,fuggy logic and genetic algorithem
260 _aChicago
_bProbus Publishing
_c1994
300 _axii, 382p
_ccm.
650 _aMoney Market irt Mathematics
_9238693
942 _hX64:(B), N4
_cGB
_2CC
999 _c533222
_d533222